000 00406nam a22001697a 4500
003 CEME
005 20210628204033.0
008 210113b xxu||||| |||| 00| 0 eng d
040 _cceme
082 _a891.439 MAN
100 _aAsif Farukhi
_968370
245 _aManto ka aadmi nama
260 _aKARACHI
_bSCHEHERZADE
_c2012
300 _a296P
650 _aURDU ADAB-AFSANEY
_966430
942 _cBK
_2ddc
999 _c575966
_d575966